| 000 | 00598cam a2200205 4500500 | ||
|---|---|---|---|
| 005 | 20260405003445.0 | ||
| 041 | _afre | ||
| 042 | _adc | ||
| 100 | 1 | 0 |
_aN’Diaye, Aïda _eauthor |
| 245 | 0 | 0 | _aAnéantir |
| 260 | _c2022. | ||
| 500 | _a52 | ||
| 690 | _aAlexandre Lacroix | ||
| 690 | _aIntelligence Artificielle | ||
| 690 | _aMichel Houellebecq | ||
| 690 | _aStyle | ||
| 690 | _aTechnique | ||
| 786 | 0 | _nPhilosophie magazine | 156 | 2 | 2022-02-01 | p. 60-62 | 1951-1787 | |
| 856 | 4 | 1 | _uhttps://shs.cairn.info/magazine-philosophie-magazine-2022-2-page-60?lang=fr&redirect-ssocas=7080 |
| 999 |
_c2067700 _d2067700 |
||